000 01168nmm a2200313 i 4500
001 195436
003 RBPG
005 20250824052205.0
008 240612s2006 sp b spa d
022 _a0210-0630
035 _aBPO 0128466
040 _aBPO
_bspa
_cES-MaACL
080 _a82-2:37.013
245 0 0 _aTeatro dentro y fuera del aula
_h[Recurso electrónico].
260 _a[Barcelona] :
_bPraxis,
_c[2006]
300 _a1 disco compacto (CD-ROM) ;
_c12 cm.
336 _2rdacontent
_atexto
337 _2rdamedia
_asin mediación
338 _2rdacarrier
_avolumen
490 1 _aCuadernos de pedagogia
500 _aDistribuido con la revista Cuadernos de Pedagogía.
538 _aRequisitos recomendados : Windoes 9x/NT, Internet Explorer 5.5 ou superior, procesador Pentium, memoria RAM 64 Mb, resolución e configuración de pantalla de 1024x768 a cor verdadeiro
655 0 _aTeatro
_9234794
830 _9183997
_aCuadernos de pedagogía (CD-ROM)
852 _aES-MaACL
_cROT
_jROT 6/3/11
_9195436
942 _n0
_00
_2udc
_cCDROM
999 _c195436
_d195436